| 000 | 00981nam a22003011i 4500 | ||
|---|---|---|---|
| 001 | bslw10113293 | ||
| 005 | 20240305165702.0 | ||
| 006 | m o d | ||
| 007 | cr un ---uuuua | ||
| 008 | 231229s2023 sp ob 000 0 spa d | ||
| 020 | _a9788411700825 | ||
| 020 |
_a9788411701662 _q(electrónoico) |
||
| 035 | _a41914 | ||
| 040 |
_aUtOrBLW _beng _erda _cUtOrBLW |
||
| 050 | 4 |
_aHD2963 _b.M33 2023 |
|
| 082 | 0 | 4 |
_a334 _223 |
| 100 | 1 |
_aMacías Ruano, Antonio José, _eauthor. |
|
| 245 | 1 | 3 |
_aLa proyección legislativa de los valores cooperativos / _cAntonio José Macías Ruano. |
| 264 | 1 |
_aMadrid : _bDykinson, S.L., _c[2023] |
|
| 300 | _a1 online resource (339 pages) | ||
| 336 |
_atext _btxt _2rdacontent |
||
| 337 |
_acomputer _bc _2rdamedia |
||
| 338 |
_aonline resource _bcr _2rdacarrier |
||
| 504 | _aIncludes bibliographical references (pages 319-339). | ||
| 650 | 0 | _aCooperative societies. | |
| 856 | 4 | 0 | _uhttps://app.vlex.com/#/sources/41914 |
| 942 | _cRAA | ||
| 999 |
_c173485 _d173485 |
||